Dancing around the Bride : (Record no. 5701)
[ view plain ]
| 000 -LEADER | |
|---|---|
| fixed length control field | 01726nam a22003377a 4500 |
| 003 - CONTROL NUMBER IDENTIFIER | |
| control field | OSt |
| 005 - DATE AND TIME OF LATEST TRANSACTION | |
| control field | 20260319114130.0 |
| 007 - PHYSICAL DESCRIPTION FIXED FIELD--GENERAL INFORMATION | |
| fixed length control field | a |
| 008 - FIXED-LENGTH DATA ELEMENTS--GENERAL INFORMATION | |
| fixed length control field | 260319b |||||||| |||| 00| 0 eng d |
| 020 ## - INTERNATIONAL STANDARD BOOK NUMBER | |
| International Standard Book Number | 9780876332429 (pma cloth) |
| 020 ## - INTERNATIONAL STANDARD BOOK NUMBER | |
| International Standard Book Number | 9780300189254 (yale cloth) |
| 040 ## - CATALOGING SOURCE | |
| Original cataloging agency | Foundation University |
| Language of cataloging | eng |
| Transcribing agency | Foundation University |
| Modifying agency | FULib |
| Description conventions | rda |
| 050 ## - LIBRARY OF CONGRESS CALL NUMBER | |
| Classification number | N 6853.D8 |
| Item number | .2012 D35 |
| 245 00 - TITLE STATEMENT | |
| Title | Dancing around the Bride : |
| Remainder of title | Cage, Cunningham, Johns, Rauschenberg, and Duchamp / |
| Statement of responsibility, etc. | edited by Carlos Basualdo and Erica F. Battle; with essay by Calvin Tomkins, text selection by Reinaldo Laddaga, and chronology by Paul B. Franklin. |
| 260 ## - PUBLICATION, DISTRIBUTION, ETC. | |
| Place of publication, distribution, etc. | Philadelphia, USA : |
| Name of publisher, distributor, etc. | Philadelphia Museum of Art, |
| Date of publication, distribution, etc. | 2012. |
| 264 ## - PRODUCTION, PUBLICATION, DISTRIBUTION, MANUFACTURE, AND COPYRIGHT NOTICE | |
| Copyright Date | 2012. |
| 300 ## - PHYSICAL DESCRIPTION | |
| Materials specified | resource |
| Extent | 432 pages : |
| Other physical details | illustrations (some color) ; |
| Dimensions | 23 cm. |
| Type of unit | volume |
| 336 ## - CONTENT TYPE | |
| Source | rdacontent |
| Content type term | text |
| Content type code | txt |
| 337 ## - MEDIA TYPE | |
| Source | rdamedia |
| Media type term | unmediated |
| Media type code | n |
| 338 ## - CARRIER TYPE | |
| Source | rdacarrier |
| Materials specified | resource |
| Carrier type term | volume |
| Carrier type code | nc |
| 500 ## - GENERAL NOTE | |
| General note | Published on the occasion of the exhibition Dancing around the Bride: Cage, Cunningham, Johns, Rauschenberg, and Duchamp, Philadelphia Museum of Art, October 30, 2012–January 21, 2013, Barbican Art Gallery, London, February 14–June 9, 2013. |
| 504 ## - BIBLIOGRAPHY, ETC. NOTE | |
| Bibliography, etc. note | Includes bibliographical references. |
| 600 ## - SUBJECT ADDED ENTRY--PERSONAL NAME | |
| Personal name | Duchamp, Marcel, |
| Dates associated with a name | 1887-1968 |
| 9 (RLIN) | 15393 |
| 600 ## - SUBJECT ADDED ENTRY--PERSONAL NAME | |
| Personal name | Duchamp, Marcel, |
| Dates associated with a name | 1887-1968 |
| General subdivision | Friends and associates. |
| 9 (RLIN) | 15394 |
| 650 ## - SUBJECT ADDED ENTRY--TOPICAL TERM | |
| Source of heading or term | LC |
| Topical term or geographic name entry element | Art, American |
| Chronological subdivision | 20th century. |
| 9 (RLIN) | 12594 |
| 650 ## - SUBJECT ADDED ENTRY--TOPICAL TERM | |
| Source of heading or term | LC |
| Topical term or geographic name entry element | Arts |
| Form subdivision | Experimental methods. |
| 9 (RLIN) | 15395 |
| 658 ## - INDEX TERM--CURRICULUM OBJECTIVE | |
| Main curriculum objective | Fine Arts, Bachelor of : |
| Subordinate curriculum objective | Art Theory ; |
| Curriculum code | FA335, FA336 |
| 700 ## - ADDED ENTRY--PERSONAL NAME | |
| Personal name | Basualdo, Carlos, |
| Relator term | editor |
| 9 (RLIN) | 15396 |
| 700 ## - ADDED ENTRY--PERSONAL NAME | |
| Personal name | Battle, Erica F., |
| Relator term | editor |
| 9 (RLIN) | 15397 |
| 942 ## - ADDED ENTRY ELEMENTS (KOHA) | |
| Source of classification or shelving scheme | Library of Congress Classification |
| Koha item type | Books |
| Classification part | N 6853.D8 |
| Item part | .2012 D35 |
| Call number prefix | (DAFA-FA) |
| Suppress in OPAC | No |
| Withdrawn status | Lost status | Source of classification or shelving scheme | Damaged status | Not for loan | Collection code | Home library | Current library | Shelving location | Date acquired | Source of acquisition | Total Checkouts | Full call number | Barcode | Date last seen | Price effective from | Koha item type | Accession Number |
|---|---|---|---|---|---|---|---|---|---|---|---|---|---|---|---|---|---|
| Library of Congress Classification | Non-fiction | Foundation University Library | Foundation University Library | DoArchitecture & Fine Arts | 03/19/2026 | Donated by Bellas Artes Projects | (DAFA-FA) N 6853.D8 .2012 D35 | 0192026003264 | 03/19/2026 | 03/19/2026 | Books | DAFA-2026264 |
